000 00392nam a2200145Ia 4500
008 231129s2003||||xx |||||||||||||| ||spa||
020 _a958-682-460-8
040 _bspa
082 _a323 C718
100 _aColombia. Defensoria del Pueblo
245 0 _aSeguridad y libertades individuales
260 _c2003
264 _aAlfaomega
942 _2ddc
_cBKS
999 _c24419
_d24419